| 000 | 00470nam a2200169Ia 4500 | ||
|---|---|---|---|
| 999 |
_c27898 _d27898 |
||
| 003 | OSt | ||
| 005 | 20210105145450.0 | ||
| 008 | 190216s9999||||xx |||||||||||||| ||und|| | ||
| 040 | _coclc | ||
| 082 |
_a894.8128 _bVIJ/M |
||
| 100 |
_aVijayan, M N _96720 |
||
| 245 | 0 |
_aMarubhoomikal Pookumbol / _cM N Vijayan |
|
| 260 |
_bPappiyon, _aKozhikode; _c1999. |
||
| 300 | _a98p | ||
| 650 | _aPadanam | ||
| 942 |
_cBK _2ddc _h894.8128 _iVIJ/M _k894.8128 _mVIJ/M |
||